| 000 | 01983nam0a2200313 i 4500 | ||
|---|---|---|---|
| 001 | RU\NLR\BIBL_A\09994061 | ||
| 005 | 20260408111436.0 | ||
| 010 |
_a9785985112115 _9200 |
||
| 021 | _b13-74268 | ||
| 035 | _a(NLR Aleph) 009994061 | ||
| 090 |
_a9749526 _c9749526 |
||
| 100 | _a20131030d2013 km y0rusy50 ca | ||
| 101 | 0 | _arus | |
| 102 | _aRU | ||
| 105 | _ay|||||||||||| | ||
| 200 | 1 |
_aОбщие основы лечебной физической культуры _eучебное пособие _fМ-во здравоохранения Московской обл., Гос. бюджетное учреждение здравоохранения Московской обл. Московский обл. научно-исследовательский клинический ин-т им. М. Ф. Владимировского, Фак. усовершенствования врачей, [Каф. восстановительной медицины и медицинской _gС. М. Крошнин, д.м.н., проф., В. А. Фетисова] |
|
| 210 |
_aМосква _cМОНИКИ _d2013 |
||
| 215 |
_a23 с. _d21 см |
||
| 320 | _aБиблиогр.: с. 20 (8 назв.) | ||
| 606 |
_aЛечебная физкультура _jУчебные издания для повышения квалификации _92357716 _3RU\NLR\AUTH\661408166 |
||
| 675 | _a615.825(075.9) | ||
| 686 | 1 | _aР354.111я77 | |
| 702 | 1 |
_aКрошнин _bС.М. _gСергей Михайлович _4220 |
|
| 712 | 0 | 2 |
_4570 _aМосковский областной научно-исследовательский клинический институт им. М. Ф. Владимирского _bКафедра восстановительной медицины и медицинской реабилитации _3RU\NLR\AUTH\880357591 _9382694 |
| 801 | 0 |
_aRU _bRuMoRKP _c20130916 _gRCR |
|
| 801 | 2 |
_aRU _bРГБ _c20130926 _grcr |
|
| 801 | 1 |
_aRU _bRuMoRKP _c20130916 _2rusmarc |
|
| 942 | _cBOOK | ||
| 980 | _aNBR | ||